[Event "Levou uma sumida?"]
[Site "http://www.queenalice.com/game.php?id=189644"]
[Date "2007.3.30"]
[Round "-"]
[White "moronipimenta"]
[Black "Kratos"]
[Result "1-0"]
[WhiteElo "1718"]
[BlackElo "1535"]

1. e3 Nf6 2. Nf3 Nc6 3. Ng5 Ne5 4. d4 Nc6 5. c3 d5 6. Bb5 Bd7 7. c4 e6 8. O-O
Ne4 9. Nxe4 dxe4 10. Nd2 Be7 11. Nxe4 O-O 12. d5 exd5 13. cxd5 Ne5 14. Bxd7 Qxd7
15. Qd4 Bd6 16. Nxd6 cxd6 17. f4 Ng4 18. e4 Rfe8 19. Bd2 Rac8 20. Rac1 Nf6 21.
Rxc8 Qxc8 22. Bc3 Nxe4 23. Qxg7# 1-0

[Event "Mais uma"]
[Site "http://www.queenalice.com/game.php?id=192076"]
[Date "2007.4.5"]
[Round "-"]
[White "Kratos"]
[Black "dkfuji"]
[Result "1-0"]
[WhiteElo "1487"]
[BlackElo "1942"]

1. Nf3 Nf6 2. Nc3 Nc6 3. e4 e5 4. Bc4 Bc5 5. d3 O-O 6. Bd2 d6 7. Nh4 Ng4 8. Qf3
Bxf2+ 9. Kf1 Nd4 10. Qd1 Bxh4 11. g3 1-0

[Event "Challenge"]
[Site "http://www.queenalice.com/game.php?id=192490"]
[Date "2007.4.5"]
[Round "-"]
[White "Kratos"]
[Black "sh4rp3r"]
[Result "1-0"]
[WhiteElo "1530"]
[BlackElo "1413"]

1. Nf3 g6 2. e3 Bg7 3. Bc4 e6 4. d3 Nf6 5. e4 d6 6. Bg5 c5 7. Nc3 h6 8. Bc1 Ng4
9. O-O Bxc3 10. bxc3 Qa5 11. Bd2 e5 12. Bd5 O-O 13. c4 Be6 14. Bxa5 1-0

[Event "Let's Play Chess!"]
[Site "http://www.queenalice.com/game.php?id=192533"]
[Date "2007.4.6"]
[Round "-"]
[White "Kratos"]
[Black "DGFerguson"]
[Result "0-1"]
[WhiteElo "1555"]
[BlackElo "1501"]

1. e4 c5 2. Bc4 e6 3. Nc3 Nf6 4. Nf3 Qb6 5. O-O Nc6 6. d3 Nd4 7. Nxd4 cxd4 8.
Ne2 d5 9. exd5 exd5 10. Bb3 Bd6 11. Bf4 O-O 12. Bxd6 Qxd6 13. Nxd4 b6 14. Qf3
Bg4 15. Nf5 Qe5 16. Nh6+ gxh6 17. Rfe1 Qxb2 18. Bxd5 Bxf3 19. Bxf3 Rae8 20. Reb1
Qxc2 21. Re1 Qc3 22. Rxe8 Qxa1+ 0-1

[Event "Challenge"]
[Site "http://www.queenalice.com/game.php?id=194308"]
[Date "2007.4.9"]
[Round "-"]
[White "sh4rp3r"]
[Black "Kratos"]
[Result "1-0"]
[WhiteElo "1402"]
[BlackElo "1507"]

1. g3 h6 2. Bg2 g5 3. g4 e5 4. Nc3 f6 5. e4 d6 6. Nf3 Bxg4 7. Nb5 a6 8. Nc3 Nc6
9. h3 Bxf3 10. Qxf3 Nd4 11. Qd3 Qd7 12. Nd5 O-O-O 13. Qc3 Nb5 14. Qe3 Nd4 15.
O-O Nxc2 16. Qa7 Qc6 17. Rb1 Ne7 18. h4 Nxd5 19. Bh3+ 1-0

[Event "desafio do teo"]
[Site "http://www.queenalice.com/game.php?id=194728"]
[Date "2007.4.10"]
[Round "-"]
[White "teodf"]
[Black "Kratos"]
[Result "0-1"]
[WhiteElo "1100"]
[BlackElo "1541"]

1. c4 d5 2. cxd5 Qxd5 3. Nc3 Qc6 4. a4 Bh3 5. Nxh3 e5 6. Nb1 Bc5 7. b3 Qf6 8.
Bb2 Bd4 9. Bxd4 exd4 10. Rg1 d3 11. Ra2 Qe5 12. g4 Nf6 13. g5 Nd5 14. Bg2 Nf4
15. Nxf4 Qxf4 16. exd3 Qxh2 17. Ke2 O-O 18. Qf1 Re8+ 19. Kd1 Nc6 20. Kc2 Nb4+
21. Kc3 Nxa2+ 22. Kc2 Nb4+ 23. Kc1 Nxd3+ 24. Qxd3 Qxg1+ 25. Bf1 Re1+ 26. Kc2
Rxf1 27. Nc3 Ra1 28. Ne2 Qxf2 29. Nd4 c5 30. Kc3 cxd4+ 31. Kb4 Qh4 32. Qb5 d3+
33. Kc3 Rc8+ 34. Qc5 Rxc5+ 35. Kb2 Qd4# 0-1

[Event "Challenge"]
[Site "http://www.queenalice.com/game.php?id=196179"]
[Date "2007.4.13"]
[Round "-"]
[White "Kratos"]
[Black "sh4rp3r"]
[Result "1-0"]
[WhiteElo "1535"]
[BlackElo "1388"]

1. e4 e5 2. Nf3 Qf6 3. Bc4 Bc5 4. Nc3 c6 5. d3 Qg6 6. Nh4 Qf6 7. f3 Qxh4+ 8. g3
Qh3 9. Na4 Qg2 10. Rf1 Qxh2 11. Nxc5 Qxg3+ 12. Rf2 Qg1+ 13. Ke2 Qg3 14. Be3 Nf6
15. Qg1 Qg6 16. Bg5 Nh5 17. Rg2 Na6 18. Nxa6 bxa6 19. Rg4 Qd6 20. b3 Qd4 21.
Qxd4 exd4 22. Rh1 g6 23. Rxh5 gxh5 24. Rf4 c5 25. Bxf7+ Kf8 26. Bxh5+ Kg7 27.
Rf7+ Kg8 28. Bh6 d6 29. Rf8# 1-0

[Event "Challenge"]
[Site "http://www.queenalice.com/game.php?id=196819"]
[Date "2007.4.14"]
[Round "-"]
[White "Kratos"]
[Black "TomBishop"]
[Result "1-0"]
[WhiteElo "1533"]
[BlackElo "1307"]

1. Nc3 d5 2. Nf3 d4 3. Ne4 Nc6 4. d3 e5 5. Bg5 f6 6. Bd2 Bg4 7. Nh4 g5 8. Nf3
Bxf3 9. exf3 f5 10. Bxg5 Be7 11. Bxe7 Qxe7 12. Qd2 O-O-O 13. Ng5 1-0

[Event "Challenge"]
[Site "http://www.queenalice.com/game.php?id=198622"]
[Date "2007.4.18"]
[Round "-"]
[White "sh4rp3r"]
[Black "Kratos"]
[Result "0-1"]
[WhiteElo "1384"]
[BlackElo "1543"]

1. d4 d5 2. Nc3 Nf6 3. Bf4 Nc6 4. e3 Bg4 5. Be2 e6 6. Nb5 Bb4+ 7. c3 Bd6 8. h3
Bxf4 9. exf4 Bf5 10. Nf3 Be4 11. Ne5 Bxg2 12. Bh5 Nxe5 13. dxe5 Nxh5 14. Rg1
Nxf4 15. Qg4 Ng6 16. Rxg2 Qd7 17. Qa4 O-O 18. Qb4 Qc6 19. Nd4 Qd7 20. Qxb7 Nxe5
21. Rd1 Rfb8 22. Qa6 c5 23. Ne2 Nf3+ 24. Kf1 d4 25. c4 e5 26. Qa3 Qxh3 27. Ng1
Nh2+ 28. Ke2 Qxg2 29. Qg3 Rxb2+ 30. Ke1 Qf1# 0-1

[Event "Desafio do téo"]
[Site "http://www.queenalice.com/game.php?id=200117"]
[Date "2007.4.21"]
[Round "-"]
[White "teodf"]
[Black "Kratos"]
[Result "0-1"]
[WhiteElo "1083"]
[BlackElo "1553"]

1. e4 e5 2. c4 Nf6 3. d3 Nc6 4. Nf3 Bb4+ 5. Ke2 d6 6. d4 exd4 7. a3 Ba5 8. g3
Nxe4 9. Nxd4 Bd7 10. b4 Bg4+ 11. f3 Bb6 12. fxg4 Nxd4+ 13. Ke1 Qe7 14. Bg2 Nc3+
15. Kf2 Nxd1+ 16. Rxd1 Qe2+ 17. Kg1 Nf3+ 18. Kh1 Qxd1+ 19. Bf1 Qxf1# 0-1

[Event "MoroniXKratos"]
[Site "http://www.queenalice.com/game.php?id=207625"]
[Date "2007.5.7"]
[Round "-"]
[White "Kratos"]
[Black "moronipimenta"]
[Result "1-0"]
[WhiteElo "1540"]
[BlackElo "1711"]

1. e4 d5 2. d3 e6 3. e5 Nc6 4. d4 Qe7 5. Bb5 Bd7 6. Nc3 Na5 7. Nf3 Bxb5 8. Bg5
f6 9. exf6 gxf6 10. Bf4 O-O-O 11. Nxb5 Qd7 12. Qd3 Ne7 13. O-O Ng6 14. Bxc7 Nc6
15. Bxd8 Nxd8 16. Nd2 1-0